Caricamento...
Journal of experimental marine biology and ecology, Vol.4(1)1969-70
| Natura: | Printed Book |
|---|
| LEADER | 00425nam a2200193 4500 | ||
|---|---|---|---|
| 020 | |||
| 082 | |||
| 100 | |||
| 245 | |a Journal of experimental marine biology and ecology, Vol.4(1)1969-70 | ||
| 250 | |||
| 260 | |||
| 300 | |||
| 490 | |||
| 500 | |||
| 590 | |a Priya |b 2011-04-27 12:43:54 | ||
| 650 | |||
| 942 | |c BK | ||
| 999 | |c 101055 |d 101055 | ||
| 952 | |0 0 |1 0 |4 0 |7 0 |9 114523 |a AQU |b AQU |l 0 |p AQUK00173 |r 2019-09-25 |w 2019-09-25 |y BK | ||